000 00212 a2200109 4500
020 _a9780836890563
041 _aspa
100 _aPohl, Kathleen
245 _aDescubramos Afganistan
942 _cBK
952 _74
999 _c16548
_d16548